| 000 | 01156cam a2200241 4500 | ||
|---|---|---|---|
| 001 | ABS63572 | ||
| 008 | 000000n2001 000 0 eng u | ||
| 035 | _a(Sirsi) u111241 | ||
| 100 | _aPatterson, K. | ||
| 245 | _aBuilding for the future: PPP and the construction industry | ||
| 260 | _c2001 | ||
| 490 |
_aPFI Intelligence Bulletin _v6(2) March 2001, 8-9(2) |
||
| 520 | _aAssesses the current situation of the effect on the construction and housing markets of the growing use of public-private partnership (PPP) schemes. Also looks at possible developments. Reflects that PPP has acted as a catalyst in moving the construction industry from just construction to services in the PPP market. Concludes that as organisations seek building space which is more flexible forward thinking contractors will be at an advantage if they already have PPP experience. | ||
| 590 | _aABS | ||
| 650 | _aPUBLIC PRIVATE PARTNERSHIPS | ||
| 650 | _aCONSTRUCTION MARKET | ||
| 650 | _aFLEXIBILITY | ||
| 650 | _aHOUSING MARKET | ||
| 650 | _aSERVICES | ||
| 650 | _aSTOCK VALUATIONS | ||
| 690 | _aMANAGEMENT-BUSINESS MANAGEMENT-FINANCIAL MANAGEMENT | ||
| 942 | _n0 | ||
| 999 |
_c66280 _d66280 |
||